Normal view
MARC view
- Murray, Daniel G
Entry Personal Name
001 - CONTROL NUMBER
- control field: 82896
003 - CONTROL NUMBER IDENTIFIER
- control field: NUST
005 - DATE AND TIME OF LATEST TRANSACTION
- control field: 20210930144456.0
008 - FIXED-LENGTH DATA ELEMENTS
- fixed length control field: 210930|| aca||aabn | a|a d
040 ## - CATALOGING SOURCE
- Original cataloging agency: NUST
- Transcribing agency: NUST
100 ## - HEADING--PERSONAL NAME
- Personal name: Murray, Daniel G
670 ## - SOURCE DATA FOUND
- Source citation: Work cat.: (NUST): Murray, Daniel G, Tableau your data, 2016.
